| 000 | 00512nam a2200181 a 4500 | ||
|---|---|---|---|
| 005 | 20140310183523.0 | ||
| 008 | 111110s19uu xx 00 eng d | ||
| 020 | _a9780745628424 | ||
| 050 |
_aP 95.8 _b.F73 2008 |
||
| 100 | _aFreedman, Des | ||
| 245 |
_aThe politics of media policy / _cDes Freedman. |
||
| 260 |
_aCambridge : _bPolity, _c2008. |
||
| 300 |
_a264 p. : _c23 cm. |
||
| 650 |
_aMass media _xPolitical aspects |
||
| 650 |
_aMass media _xSocial aspects |
||
| 942 |
_cBK _2lcc _kFOR |
||
| 999 |
_c24454 _d24454 |
||